STN 73 1355-1: 1992, Stanovenie trvanlivosti pórobetónu Časť 1 Všeobecné ustanovenia
Uložené v:
| Korporatívny autor: | |
|---|---|
| Ďalší autori: | |
| Médium: | Norma |
| Jazyk: | Slovak Czech |
| Vydané: |
Praha :
Federální úřad pro normalizaci a měření,
1992.
|
| Témy: | |
| Fyzický popis: |
4 strany. |
| Tagy: |
Pridať tag
Žiadne tagy, Buďte prvý kto otaguje tento záznam!
|
Titul je dostupný aj v ... 

MARC
| LEADER | 00000nam a2200000 a 4500 | ||
|---|---|---|---|
| 001 | 000671237 | ||
| 003 | SVKKK | ||
| 005 | 20211118091215.0 | ||
| 008 | 121120s1992 xo f u 000 0 slo c | ||
| 020 | |c (Cenová skupina 5) | ||
| 040 | |a SVKKK |b slo |c SVKKK |e AACR2 | ||
| 041 | 1 | |a cze | |
| 044 | |a xo |c SK | ||
| 046 | |a s |m 199205 (účinnosť) | ||
| 080 | |a 666.972/.974 |2 2001 | ||
| 080 | |a 006.7/.8 |2 2001 | ||
| 080 | |a (437.6) 2 2001 | ||
| 080 | |a (4) |2 2001 | ||
| 245 | 1 | 0 | |a STN 73 1355-1: 1992, Stanovenie trvanlivosti pórobetónu |n Časť 1 |p Všeobecné ustanovenia |
| 260 | |a Praha : |b Federální úřad pro normalizaci a měření, |c 1992. | ||
| 300 | |a 4 strany. | ||
| 500 | |a Spracovateľ: Technický a skúšobný ústav stavebný Bratislava, Vladimír Kriššák | ||
| 540 | |a STN vydané na akomkoľvek nosiči sa môžu rozmnožovať a rozširovať iba so súhlasom určenej právnickej osoby |b SÚTN Bratislava |c zákon 264/1999 Z. z. | ||
| 655 | 7 | |a normy |2 SNKPH | |
| 650 | 1 | 7 | |a betón |
| 650 | 1 | 7 | |a technické normy a štandardy |z Slovensko |
| 650 | 1 | 7 | |a technické normy a štandardy |z krajiny Európskej únie |
| 650 | 1 | 7 | |a stavebné materiály |
| 700 | 1 | |a Kriššák, Vladimír |4 trl | |
| 710 | 2 | |a Technický a skúšobný ústav stavebný (Bratislava, Slovensko) |4 aut | |
| 710 | 2 | |a Federální úřad pro normalizaci a měření |b Praha |4 stn | |
| 910 | |a svkkk | ||
| 998 | |a NO | ||
| 090 | |g SCKHL |k Normy Pribinova 1 |a STN 73 1355-1 |j 12201 |i 2720816595 |s Normy-prez. | ||